Šumava Karla Klostermanna : příběh šumavské podmalby : průvodce výstavou /

Main Author: Petráš, Jiří, 1963-
Corporate Author: Jihočeské muzeum (České Budějovice, Česko)
Language: Czech
Published: V Českých Budějovicích : Jihočeské muzeum, 2008
Subjects:
Physical Description: 64 s. : il. (některé barev.), mapy, portréty, faksim. ; 23 cm
Book
Saved in:
LEADER 01808nam a2200457 a 4500
001 nkc20081828712
003 CZ PrNK
005 20260311150819.0
007 ta
008 081113s2008 xr abche c 000 0dcze
015 |a cnb001828712 
020 |a 978-80-86260-87-7  |q (brož.) 
035 |a (OCoLC)298778873 
040 |a ABA001  |b cze 
043 |a e-xr---  |b e-xr-cc  |a e-gx---  |a e-au---  |2 czenas 
072 7 |a 39  |x Kulturní antropologie. Etnologie. Etnografie  |2 Konspekt  |9 1 
080 |a 39  |2 MRF 
080 |a 908(437.31-13)  |2 MRF 
080 |a (437.31-13)  |2 MRF 
080 |a (083.824)  |2 MRF 
100 1 |a Petráš, Jiří,  |d 1963-  |7 jo20000080764  |4 aut 
245 1 0 |a Šumava Karla Klostermanna :  |b příběh šumavské podmalby : průvodce výstavou /  |c J. Petráš a kol. 
246 3 0 |a Příběh šumavské podmalby 
260 |a V Českých Budějovicích :  |b Jihočeské muzeum,  |c 2008 
300 |a 64 s. :  |b il. (některé barev.), mapy, portréty, faksim. ;  |c 23 cm 
500 |a Životopisná data a chronologický přehled 
504 |a Obsahuje bibliografii 
650 0 7 |a hmotná kultura  |7 ph122679  |z Česko  |2 czenas 
650 0 7 |a zvyky a obyčeje  |7 ph137519  |z Česko  |2 czenas 
650 0 9 |a material culture  |z Czechia  |2 eczenas 
650 0 9 |a manners and customs  |z Czechia  |2 eczenas 
651 7 |a Šumava (pohoří)  |7 ge128617  |x vlastivěda a dějiny  |2 czenas 
651 9 |a Šumava Mountains  |x local history and geography  |2 eczenas 
655 7 |a katalogy výstav  |7 fd132536  |2 czenas 
655 9 |a exhibition catalogs  |2 eczenas 
710 2 |a Jihočeské muzeum (České Budějovice, Česko)  |7 kn20010724341 
910 2 |a BOA001  |b 2-1213.334 
990 |a BK 
995 |a 01 
991 |b 200811  |c NOV 
996 6 |b 2610359235  |c 2-1213.334  |l MZK  |r Sklad / do 1 hodiny  |n 0  |p p.v.  |w 000919727  |u 000010  |a 1  |e BOA001  |j MZK50  |s P